000 00417nam a22001457a 4500
082 _a551.48
_bSUB
_cN-01, P-47
100 _aSubramanya, K
_99468
245 _aEngineering hydrology /
250 _a2nd ed.
260 _aDehli:
_bTata McGraw Hill Publishing Company Ltd,
_cc1994
300 _axii, 392 p, :
_bdiagram, ;
_c19cm
526 _a0
_b0
_c0
_d551_480000000000000_SUB
650 _aNUST
_96342
942 _2ddc
_cBK
999 _c544559
_d544559